[Event "Ljubljana-chT 75th"]
[Site "Ljubljana"]
[Date "2023.03.02"]
[Round "6.1"]
[White "Sedlar, Tomo"]
[Black "Benko, Bostjan"]
[Result "1/2-1/2"]
[WhiteElo "1804"]
[BlackElo "1879"]
[PlyCount "50"]
[EventDate "2023.01.12"]
[EventType "team-swiss"]
[EventRounds "9"]
[EventCountry "SLO"]
[SourceTitle "EXT 2024"]
[Source "ChessBase"]
[SourceDate "2023.10.10"]
[SourceVersion "1"]
[SourceVersionDate "2023.10.10"]
[SourceQuality "1"]
[WhiteTeam "Menges Trzin"]
[BlackTeam "Zagorje ob Savi"]
[WhiteTeamCountry "SLO"]
[BlackTeamCountry "SLO"]

1. d4 d6 2. c4 e5 3. e3 f5 4. Nc3 Nf6 5. g3 e4 6. d5 Be7 7. Nge2 Nbd7 8. Nd4 Ne5 9. Be2 0-0 10. b3 c6 11. Nc2 Qc7 12. Bb2 Bd7 13. 0-0 Rad8 14. Kg2 c5 15. h4 g6 16. Qd2 Nfg4 17. Bxg4 Nxg4 18. Ne2 Bf6 19. Bxf6 Rxf6 20. Nf4 Ne5 21. a4 Re8 22. Na3 a6 23. Nb1 b6 24. Nc3 h6 25. Rh1 Kh7 1/2-1/2

[Event "SLO-chT Central 23rd"]
[Site "Slovenia"]
[Date "2022.09.15"]
[Round "1.1"]
[White "Sedlar, Tomo"]
[Black "Ocepek, Marjan"]
[Result "1-0"]
[WhiteElo "1831"]
[BlackElo "1588"]
[PlyCount "91"]
[EventDate "2022.09.15"]
[EventType "team-swiss"]
[EventRounds "9"]
[EventCountry "SLO"]
[SourceTitle "EXT 2024"]
[Source "ChessBase"]
[SourceDate "2023.10.10"]
[SourceVersion "1"]
[SourceVersionDate "2023.10.10"]
[SourceQuality "1"]
[WhiteTeam "Menges Trzin"]
[BlackTeam "Menges Trzin II"]
[WhiteTeamCountry "SLO"]
[BlackTeamCountry "SLO"]

1. d4 Nf6 2. c4 g6 3. Nc3 d5 4. Bf4 c6 5. e3 Bg7 6. Nf3 Bg4 7. Qb3 b6 8. cxd5 Nxd5 9. Nxd5 cxd5 10. Ne5 Bxe5 11. Bxe5 f6 12. Bxb8 Rxb8 13. Bb5+ Kf7 14. 0-0 Qd6 15. Rac1 Rbc8 16. Ba6 Rc7 17. Rxc7 Qxc7 18. e4 Rd8 19. exd5 Rd6 20. Qc3 Qd8 21. Rc1 Kg7 22. Bc4 Bf5 23. f3 h5 24. Bb3 Rd7 25. h3 g5 26. Re1 Bg6 27. Qe3 Bf7 28. Qe4 Bg6 29. Qe3 Bf7 30. h4 gxh4 31. Qe4 Bxd5 32. Bxd5 Rxd5 33. Qxe7+ Qxe7 34. Rxe7+ Kg6 35. Rxa7 Rxd4 36. Rb7 Rb4 37. b3 Kf5 38. Kf2 Kf4 39. Re7 f5 40. Rd7 Kg5 41. Ke3 f4+ 42. Kf2 Kf5 43. Rd5+ Kg6 44. Ke2 Kf6 45. Kd3 Ke6 46. Rxh5 1-0

[Event "Ljubljana-chT 74th"]
[Site "Ljubljana"]
[Date "2022.01.13"]
[Round "1.2"]
[White "Sedlar, Tomo"]
[Black "Ocepek, Marjan"]
[Result "1-0"]
[WhiteElo "1842"]
[BlackElo "1597"]
[PlyCount "61"]
[EventDate "2022.01.13"]
[EventType "team-swiss"]
[EventRounds "9"]
[EventCountry "SLO"]
[SourceTitle "EXT 2024"]
[Source "ChessBase"]
[SourceDate "2023.10.10"]
[SourceVersion "1"]
[SourceVersionDate "2023.10.10"]
[SourceQuality "1"]
[WhiteTeam "Menges Trzin"]
[BlackTeam "Menges Trzin II"]
[WhiteTeamCountry "SLO"]
[BlackTeamCountry "SLO"]

1. d4 Nf6 2. c4 g6 3. Nf3 Bg7 4. Nc3 d6 5. Bg5 Nbd7 6. e3 0-0 7. Be2 c6 8. 0-0 Qc7 9. Rc1 e6 10. Qb3 b6 11. Rfd1 Ba6 12. Qa3 Bb7 13. Bf4 Ne8 14. Ne4 e5 15. dxe5 dxe5 16. Bg3 h6 17. Nd6 f5 18. Nxb7 Qxb7 19. Qe7 Nc5 20. Qxb7 Nxb7 21. Bxe5 Rf7 22. Rd2 Re7 23. Bxg7 Kxg7 24. Rcd1 Nf6 25. Nd4 c5 26. Nc6 Rc7 27. Bf3 Re8 28. Nxa7 Na5 29. Nb5 Rce7 30. b3 g5 31. Nd6 1-0

[Event "SLO-chT Central 21st"]
[Site "Slovenia"]
[Date "2020.09.24"]
[Round "2.2"]
[White "Vertacnik, Viktor"]
[Black "Sedlar, Tomo"]
[Result "0-1"]
[WhiteElo "1631"]
[BlackElo "1845"]
[PlyCount "84"]
[EventDate "2020.09.17"]
[EventType "team-swiss"]
[EventRounds "5"]
[EventCountry "SLO"]
[SourceTitle "EXT 2024"]
[Source "ChessBase"]
[SourceDate "2023.10.10"]
[SourceVersion "1"]
[SourceVersionDate "2023.10.10"]
[SourceQuality "1"]
[WhiteTeam "Ljubljana Karel Jeraj"]
[BlackTeam "Menges Trzin"]
[WhiteTeamCountry "SLO"]
[BlackTeamCountry "SLO"]

1. e4 e5 2. Nf3 Nc6 3. Bc4 Bc5 4. c3 d6 5. d3 h6 6. Nbd2 Nge7 7. Qb3 0-0 8. Qd1 Bg4 9. h3 Bh5 10. b4 Bb6 11. Nf1 Kh8 12. Ng3 Bg6 13. 0-0 f5 14. Nh4 Bh7 15. exf5 Nxf5 16. Nhxf5 Bxf5 17. Nxf5 Rxf5 18. Be6 Rf8 19. Bd5 Qh4 20. Be3 Nd8 21. Bf3 c6 22. Bh5 Ne6 23. Qg4 Qf6 24. g3 Kh7 25. Qe2 g6 26. Bg4 h5 27. Bxe6 Qxe6 28. Kg2 Qd5+ 29. Kh2 Rf3 30. c4 Qf7 31. Kg2 Rf8 32. Bxb6 axb6 33. a4 Qf5 34. Rad1 Qf7 35. Rde1 Rf6 36. Qe3 Rf3 37. Qe2 g5 38. Rd1 Qf5 39. Rd2 h4 40. g4 Qf4 41. Rfd1 Kg7 42. Qe4 Rxf2+ 0-1

[Event "SLO-chT Central 1st League 20th"]
[Site "Slovenia"]
[Date "2019.10.24"]
[Round "7.2"]
[White "Konvalinka, Kostja"]
[Black "Sedlar, Tomo"]
[Result "0-1"]
[WhiteElo "1702"]
[BlackElo "1852"]
[PlyCount "90"]
[EventDate "2019.09.12"]
[EventType "team-tourn"]
[EventRounds "9"]
[EventCountry "SLO"]
[SourceTitle "EXT 2024"]
[Source "ChessBase"]
[SourceDate "2023.10.10"]
[SourceVersion "1"]
[SourceVersionDate "2023.10.10"]
[SourceQuality "1"]
[WhiteTeam "Trzin Pekos Pub"]
[BlackTeam "Menges Trzin II"]
[WhiteTeamCountry "SLO"]
[BlackTeamCountry "SLO"]

1. e4 e5 2. Nf3 Nc6 3. Bc4 Bc5 4. c3 d6 5. d4 exd4 6. cxd4 Bb4+ 7. Nc3 Bg4 8. 0-0 Bxf3 9. Qxf3 Qf6 10. Qxf6 Nxf6 11. d5 Ne5 12. Bb3 0-0-0 13. Re1 Nd3 14. Rd1 Nxc1 15. Raxc1 Bxc3 16. Rxc3 Nxe4 17. Rc4 Nc5 18. Bc2 Rde8 19. b4 Na6 20. Kf1 Re5 21. f4 Re3 22. Re1 Rhe8 23. Rxe3 Rxe3 24. Kf2 Re8 25. Bxh7 g6 26. f5 g5 27. f6 Kd8 28. Bd3 Re5 29. Rd4 Nb8 30. h4 Nd7 31. hxg5 Rxg5 32. Rh4 Nxf6 33. Rh8+ Rg8 34. Rxg8+ Nxg8 35. Kf3 Ke7 36. Kf4 Kf6 37. g4 Ne7 38. g5+ Kg7 39. Be4 f6 40. Kg4 f5+ 41. Bxf5 Nxd5 42. a3 Ne3+ 43. Kf4 Nxf5 44. Kxf5 c6 45. Ke6 d5 0-1

[Event "SLO-chT1 Central 19th"]
[Site "Slovenia"]
[Date "2018.11.15"]
[Round "9.2"]
[White "Sedlar, Tomo"]
[Black "Perme, Martin"]
[Result "1-0"]
[WhiteElo "1836"]
[BlackElo "1201"]
[PlyCount "79"]
[EventDate "2018.09.13"]
[EventType "team-tourn"]
[EventRounds "9"]
[EventCountry "SLO"]
[SourceTitle "EXT 2021"]
[Source "ChessBase"]
[SourceDate "2020.10.23"]
[SourceVersion "1"]
[SourceVersionDate "2020.10.23"]
[SourceQuality "1"]
[WhiteTeam "Trzin Menges"]
[BlackTeam "Komenda Pogi"]
[WhiteTeamCountry "SLO"]
[BlackTeamCountry "SLO"]

1. d4 d5 2. c4 c6 3. Nc3 Nf6 4. Bf4 Bf5 5. Qb3 b6 6. cxd5 cxd5 7. Nb5 Na6 8. Qa4 Qd7 9. Qxa6 e6 10. Nc7+ Kd8 11. Nxa8 Bb4+ 12. Bd2 Bxd2+ 13. Kxd2 Ne4+ 14. Ke1 Qd6 15. a3 Qc6 16. f3 Nd6 17. e3 Qc2 18. Qxa7 Qxb2 19. Qxb6+ Qxb6 20. Nxb6 Ke7 21. a4 Rb8 22. a5 Nc8 23. Nxc8+ Rxc8 24. a6 Kd7 25. a7 Ra8 26. Kd2 Kc7 27. Bd3 Bxd3 28. Kxd3 Kb7 29. Ne2 Rxa7 30. Rxa7+ Kxa7 31. Rb1 f5 32. e4 fxe4+ 33. fxe4 g5 34. Nc3 h5 35. Nxd5 exd5 36. exd5 g4 37. d6 h4 38. d7 g3 39. d8Q gxh2 40. Qa5# 1-0

[Event "SLO-chT1 Central 19th"]
[Site "Slovenia"]
[Date "2018.10.25"]
[Round "7.2"]
[White "Tansek, Branko"]
[Black "Sedlar, Tomo"]
[Result "0-1"]
[WhiteElo "1600"]
[BlackElo "1836"]
[PlyCount "130"]
[EventDate "2018.09.13"]
[EventType "team-tourn"]
[EventRounds "9"]
[EventCountry "SLO"]
[SourceTitle "EXT 2021"]
[Source "ChessBase"]
[SourceDate "2020.10.23"]
[SourceVersion "1"]
[SourceVersionDate "2020.10.23"]
[SourceQuality "1"]
[WhiteTeam "Ljubljana SK"]
[BlackTeam "Trzin Menges"]
[WhiteTeamCountry "SLO"]
[BlackTeamCountry "SLO"]

1. d4 d5 2. Nd2 Bf5 3. e3 e6 4. c4 c6 5. Ngf3 Nf6 6. Be2 Nbd7 7. cxd5 exd5 8. 0-0 Bd6 9. b3 0-0 10. Bb2 Ne4 11. Rc1 Ndf6 12. Ne5 Nxd2 13. Qxd2 Ne4 14. Qd1 f6 15. Nf3 Qe7 16. Nd2 Rae8 17. Bf3 g6 18. Nxe4 Bxe4 19. h3 Bb8 20. Bxe4 Qxe4 21. Qg4 Qxg4 22. hxg4 Re4 23. g3 Rxg4 24. Kg2 Re4 25. Rh1 Kg7 26. Rh3 f5 27. Rch1 h5 28. Bc1 Bd6 29. Rd1 a5 30. Bd2 Bb4 31. Rhh1 Ra8 32. Rhe1 Ree8 33. Re2 Ra6 34. Bxb4 axb4 35. Rc2 Rea8 36. Rdd2 Kf6 37. f4 Rh8 38. Kf3 g5 39. fxg5+ Kxg5 40. Rh2 Raa8 41. Rh4 Rae8 42. Re2 Re4 43. Reh2 Rxh4 44. Rxh4 Re8 45. Rh2 Re4 46. Rg2 Rg4 47. Rh2 Re4 48. Rg2 Re8 49. Rc2 Kf6 50. Rh2 Kg5 51. Rc2 Rh8 52. Rh2 Rh6 53. Rg2 b6 54. Rc2 Re6 55. Rd2 h4 56. gxh4+ Kxh4 57. Rh2+ Kg5 58. Rg2+ Kf6 59. Rc2 Ke7 60. Rd2 Kd6 61. Rc2 c5 62. dxc5+ bxc5 63. Rd2 Re4 64. Rd3 Kc6 65. Rd2 c4 0-1

[Event "Ljubljana-chT 71st 1st League"]
[Site "Ljubljana"]
[Date "2018.04.05"]
[Round "9.1"]
[White "Siraj, Anej"]
[Black "Sedlar, Tomo"]
[Result "1-0"]
[WhiteElo "1956"]
[BlackElo "1830"]
[PlyCount "51"]
[EventDate "2018.01.11"]
[EventType "team-tourn"]
[EventRounds "9"]
[EventCountry "SLO"]
[SourceTitle "EXT 2024"]
[Source "ChessBase"]
[SourceDate "2023.10.10"]
[SourceVersion "1"]
[SourceVersionDate "2023.10.10"]
[SourceQuality "1"]
[WhiteTeam "Vrhnika"]
[BlackTeam "Menges Trzin"]
[WhiteTeamCountry "SLO"]
[BlackTeamCountry "SLO"]

1. d4 d5 2. Bf4 Nf6 3. Nf3 Bf5 4. c4 e6 5. Nc3 c6 6. e3 Bb4 7. Qb3 Qa5 8. Rc1 0-0 9. a3 Bxc3+ 10. bxc3 b6 11. Bd6 dxc4 12. Bxc4 b5 13. Bxf8 Kxf8 14. Be2 Nbd7 15. 0-0 Rb8 16. Qb4+ Qxb4 17. cxb4 Be4 18. Nd2 Bd5 19. Bd3 e5 20. e4 Be6 21. Rxc6 exd4 22. f4 Nb6 23. Bxb5 Nxe4 24. Nxe4 Bd5 25. Rd6 Bxe4 26. Rxd4 1-0

[Event "SLO-chT Central 1st League 18th"]
[Site "Slovenia"]
[Date "2017.09.21"]
[Round "2.1"]
[White "Jersic, Aleks"]
[Black "Sedlar, Tomo"]
[Result "1/2-1/2"]
[WhiteElo "1757"]
[BlackElo "1840"]
[PlyCount "101"]
[EventDate "2017.09.14"]
[EventType "team-swiss"]
[EventRounds "9"]
[EventCountry "SLO"]
[SourceTitle "EXT 2022"]
[Source "ChessBase"]
[SourceDate "2021.10.06"]
[SourceVersion "1"]
[SourceVersionDate "2021.10.06"]
[SourceQuality "1"]
[WhiteTeam "Ljubljana SK"]
[BlackTeam "Menges Trzin"]
[WhiteTeamCountry "SLO"]
[BlackTeamCountry "SLO"]

1. e4 e5 2. Nf3 Nc6 3. Bc4 Bc5 4. b4 Bxb4 5. c3 Ba5 6. 0-0 Nf6 7. d4 Nxe4 8. d5 Ne7 9. Qe1 Nd6 10. Bd3 f6 11. Bb2 0-0 12. Be4 Nxe4 13. Qxe4 d6 14. Nbd2 f5 15. Qc4 Qe8 16. Ba3 Bd7 17. Rab1 Rb8 18. Nxe5 Ng6 19. Nxd7 Qxd7 20. Nf3 Rfe8 21. Rfe1 Rxe1+ 22. Rxe1 Re8 23. Rxe8+ Qxe8 24. Bb4 Bb6 25. Kf1 Ne5 26. Qe2 Kf7 27. Nxe5+ Qxe5 28. Qxe5 dxe5 29. c4 Bd4 30. Ke2 b6 31. f3 a5 32. Ba3 Kf6 33. Kd3 h5 34. Bf8 g5 35. a4 g4 36. Bh6 Bg1 37. h3 Bc5 38. Bd2 Bf8 39. hxg4 hxg4 40. fxg4 fxg4 41. Ke4 Bc5 42. Be1 Bd6 43. Bc3 Kg5 44. Bxe5 Bxe5 45. Kxe5 g3 46. d6 cxd6+ 47. Kxd6 Kf4 48. Kc6 Ke3 49. Kxb6 Ke2 50. c5 Kf2 51. c6 1/2-1/2

[Event "Ljubljana-chT 70th 1st League"]
[Site "Ljubljana"]
[Date "2017.01.26"]
[Round "3.1"]
[White "Jese, Janez"]
[Black "Sedlar, Tomo"]
[Result "1-0"]
[WhiteElo "1802"]
[BlackElo "1833"]
[PlyCount "71"]
[EventDate "2017.01.12"]
[EventType "team-swiss"]
[EventRounds "9"]
[EventCountry "SLO"]
[SourceTitle "EXT 2022"]
[Source "ChessBase"]
[SourceDate "2021.10.06"]
[SourceVersion "1"]
[SourceVersionDate "2021.10.06"]
[SourceQuality "1"]
[WhiteTeam "Medvode"]
[BlackTeam "Menges Trzin"]
[WhiteTeamCountry "SLO"]
[BlackTeamCountry "SLO"]

1. e4 e5 2. Bc4 Bc5 3. d4 exd4 4. Bxf7+ Kxf7 5. Qh5+ Kf8 6. Qxc5+ d6 7. Qxd4 Nc6 8. Qe3 Nf6 9. Nc3 Nb4 10. Qe2 Bg4 11. f3 Be6 12. Bg5 h6 13. Bh4 g5 14. Bf2 Kf7 15. a3 Nc6 16. 0-0-0 Re8 17. g4 Qe7 18. h4 Kg6 19. hxg5 hxg5 20. Be3 Ne5 21. Bxg5 Kxg5 22. f4+ Kg6 23. f5+ Kf7 24. g5 Bc4 25. Qd2 Rh8 26. gxf6 Kxf6 27. Nh3 Rag8 28. b3 Bf7 29. Nf4 Qd7 30. Rxh8 Rxh8 31. Nfd5+ Kg7 32. Qg5+ Kf8 33. Rg1 Bxd5 34. Nxd5 c6 35. Qf6+ Nf7 36. Qg7+ 1-0

[Event "SLO-chT Central Superliga 15th"]
[Site "Slovenia"]
[Date "2014.09.25"]
[Round "3.1"]
[White "Sedlar, Tomo"]
[Black "Markoja, Sebastijan"]
[Result "1/2-1/2"]
[WhiteElo "1848"]
[BlackElo "2205"]
[PlyCount "57"]
[EventDate "2014.09.11"]
[EventType "team-tourn"]
[EventRounds "9"]
[EventCountry "SLO"]
[SourceTitle "EXT 2022"]
[Source "ChessBase"]
[SourceDate "2021.10.06"]
[SourceVersion "1"]
[SourceVersionDate "2021.10.06"]
[SourceQuality "1"]
[WhiteTeam "Barob Smarca"]
[BlackTeam "Komenda Pogi"]
[WhiteTeamCountry "SLO"]
[BlackTeamCountry "SLO"]

1. d4 Nf6 2. c4 g6 3. Nc3 Bg7 4. Nf3 d6 5. Bf4 0-0 6. e3 Nbd7 7. Be2 e6 8. 0-0 b6 9. Rc1 Bb7 10. Qc2 Re8 11. Rfd1 Qe7 12. Nb5 Rec8 13. h3 a6 14. Nc3 h6 15. a3 e5 16. dxe5 dxe5 17. Bg3 e4 18. Nd4 Ne5 19. Rd2 c5 20. Nb3 Qe6 21. Na4 Rc6 22. Rcd1 Nd3 23. Bxd3 exd3 24. Rxd3 Ne4 25. Bf4 g5 26. Rd8+ Rxd8 27. Rxd8+ Bf8 28. Bh2 b5 29. cxb5 1/2-1/2

[Event "Ljubljana-chT 66th 1st League"]
[Site "Ljubljana"]
[Date "2013.02.21"]
[Round "6.2"]
[White "Veskovic, Dzemal"]
[Black "Sedlar, Tomo"]
[Result "1-0"]
[WhiteElo "1982"]
[BlackElo "1932"]
[PlyCount "167"]
[EventDate "2013.01.10"]
[EventType "team-tourn"]
[EventRounds "9"]
[EventCountry "SLO"]
[SourceTitle "EXT 2022"]
[Source "ChessBase"]
[SourceDate "2021.10.06"]
[SourceVersion "1"]
[SourceVersionDate "2021.10.06"]
[SourceQuality "1"]
[WhiteTeam "Crni Graben"]
[BlackTeam "Barob Smarca"]
[WhiteTeamCountry "SLO"]
[BlackTeamCountry "SLO"]

1. e4 e5 2. Nc3 Bc5 3. Nf3 Nc6 4. h3 Nf6 5. Bc4 d6 6. d3 h6 7. 0-0 0-0 8. Ne2 Qe7 9. c3 Na5 10. b4 Nxc4 11. bxc5 Na5 12. cxd6 Qxd6 13. Ng3 Nc6 14. Bb2 Re8 15. Re1 b6 16. d4 Nh7 17. d5 Na5 18. Qd3 c5 19. c4 Nb7 20. a4 f6 21. Bc3 Qc7 22. Nh4 Nd6 23. a5 Bd7 24. Nhf5 Bxf5 25. exf5 Ng5 26. h4 Ngf7 27. f3 Reb8 28. Reb1 a6 29. axb6 Rxb6 30. Rxb6 Qxb6 31. Ba5 Qb2 32. Rb1 Qa2 33. Bc7 Qxc4 34. Qxc4 Nxc4 35. Ne4 Ne3 36. d6 Nxf5 37. h5 a5 38. g4 Nd4 39. Kf2 a4 40. Nc3 a3 41. Ra1 Nb3 42. Ra2 Nc1 43. Ra1 Nd3+ 44. Ke3 Nb4 45. Kd2 Kf8 46. Nb5 a2 47. Kc3 Ke8 48. Kb3 Kd7 49. Bb6 Rb8 50. Bxc5 Rxb5 51. Bxb4 Nxd6 52. Rxa2 Ke6 53. Ra6 Rd5 54. Kc3 Ke7 55. Kc2 Ke6 56. Ra7 Rb5 57. Bxd6 Kxd6 58. Rxg7 Rd5 59. Rg6 Ke7 60. Rxh6 Kf7 61. Rh7+ Kg8 62. Rc7 Rd4 63. Rc3 Kg7 64. Rd3 Rf4 65. Re3 Rd4 66. Re4 Rd5 67. Rc4 Rd7 68. Rc3 Rd4 69. Rd3 Rf4 70. Kd2 Kh6 71. Ke3 Kg7 72. Rd7+ Kg8 73. h6 Kh8 74. Re7 Ra4 75. Kf2 Ra2+ 76. Kg3 Ra1 77. Rf7 Ra6 78. Kh4 Kg8 79. Rc7 Ra3 80. Kh5 f5 81. g5 Ra6 82. g6 Rf6 83. Kg5 Rf8 84. h7+ 1-0